| 000 | 00790nam a22003014a 4500 | ||
|---|---|---|---|
| 001 | UByD003074 | ||
| 003 | AR-LpoUNG | ||
| 005 | 20240816145535.0 | ||
| 008 | 240814s2011||||ag a b 000|1 spa d | ||
| 020 | _a9789870419648 | ||
| 040 |
_aAR-LpoUNG _bspa _cAR-LpoUNG _eaacr |
||
| 041 | 0 | _aspa | |
| 044 | _aag | ||
| 082 | 0 | 4 |
_a808.068 3 638pro _220 |
| 100 | 1 |
_aBlanco, Eduardo M. _4adp |
|
| 245 | 1 | 0 | _aPrometeo les roba a los dioses |
| 250 | _a1ra. ed. | ||
| 260 |
_aBuenos Aires : _bSantillana, _c2011. |
||
| 300 |
_a48 p. : _bil. |
||
| 505 | 0 | _aSugerido a partir de 8 aƱos (etiqueta CELESTE) | |
| 650 | 4 | _aCUENTOS | |
| 650 | 4 | _aLITERATURA | |
| 650 | 4 | _aMITOLOGIA | |
| 653 | 0 | _aLITERATURA INFANTIL | |
| 700 | 1 |
_aSenonez, Oscar _eil. |
|
| 905 | _a50234 | ||
| 942 |
_cLIB _2ddc |
||
| 999 |
_c65665 _d65665 |
||